Statistics for Medical Conditions Awareness Colors

Click here to take the quiz!

General Stats

  • This quiz has been taken 10 times
  • The average score is 4 of 6

Answer Stats

Medical ConditionAwareness Color% Correct
Breast CancerPink
100%
AutismBlue
60%
SepsisRed/Black
60%
Cerebral PalsyGreen
50%
TuberculosisRed
50%
MiscarriagePink/Blue
30%

Score Distribution

Percentile by Number Answered

Percent of People with Each Score

Your Score History

You have not taken this quiz